000 00554nam a2200181Ia 4500
008 100920s9999 xx 000 0 und d
082 _b63970
_a61 थ 63
100 _aकर्णिक मधुमंगेश.
245 _aतोरण.
260 _bजयहिंद प्रकाशन , मुंबई.
_c1963
300 _a386
_bसाधी
365 _b10
520 _aस्थानिक वाचन.
630 _aतोरण.
650 _aस्थानिक वाचन.
730 _aतोरण.
942 _cBOOK
999 _c707048
_d707045